| 000 | 01434aam a2200349 i 4500 | ||
|---|---|---|---|
| 001 | 768714001 | ||
| 003 | CO-MdFUSB | ||
| 005 | 20250425110700.0 | ||
| 007 | ta | ||
| 008 | 250425t2012 -us |||| |||| 00| 0 spa d | ||
| 020 | _a978-1-4336-7701-4 | ||
| 040 | _cCO-MdFUSB | ||
| 041 | _aspa | ||
| 082 | 0 | 4 |
_223 _a239 _bC796 |
| 100 | 1 |
_aCorduan, Winfried _eautor |
|
| 240 | _aNo Doubt About It: The Case for Christianity | ||
| 245 | 1 | 0 |
_aSin duda alguna : _bel caso del cristianismo _c/ Winfried Corduan ; traducido por Marcela Robaina |
| 264 | 1 |
_bB y H Publishing Group, _aNashvile, Tennesse : _c[2012] |
|
| 264 | 4 | _c©2012 | |
| 300 |
_a279 páginas _c; 23 cm |
||
| 336 |
_atexto _btxt _2rdacontent |
||
| 337 |
_2rdamedia _asin mediación _bn |
||
| 338 |
_2rdacarrier _avolumen _bnc |
||
| 501 | _aRústico | ||
| 505 | _aFe, razón y duda -- Verdad, conocimiento y relativismo -- El conocimiento: algunos componentes importantes -- El conocimiento: diversas cosmovisiones puestas a prueba -- Cosmovisiones problemáticas -- La existencia de Dios -- Dios y el mal -- Los milagros: a favor y en contra -- Regreso al pasado -- El Nuevo Testamento y la historia -- ¿Quién es Jesús? -- De Cristo al cristianismo -- La verdad y nuestra cultura | ||
| 563 | _aRústico | ||
| 650 | 1 | 7 |
_aFe y razón _9532 |
| 650 | 1 | 7 |
_aCristianismo _922 |
| 700 |
_aRobaina, Marcela, _98649 _etraductor |
||
| 942 | _cBK | ||
| 945 | _aJTF-925 | ||
| 999 |
_c44999 _d44999 |
||